Elements of power system analysis (Record no. 3209)

000 -LEADER
fixed length control field 00596nam a2200217 a 4500
001 - CONTROL NUMBER
control field 3209
003 - CONTROL NUMBER IDENTIFIER
control field BD-DhUET
008 - FIXED-LENGTH DATA ELEMENTS--GENERAL INFORMATION
fixed length control field 810331s1982 nyua 001 0 eng
020 ## - INTERNATIONAL STANDARD BOOK NUMBER
International Standard Book Number 0070612781
020 ## - INTERNATIONAL STANDARD BOOK NUMBER
International Standard Book Number 007061279X
040 ## - CATALOGING SOURCE
Original cataloging agency DLC
Transcribing agency DLC
Modifying agency BD-DhUET
082 00 - DEWEY DECIMAL CLASSIFICATION NUMBER
Classification number 623.12
Item number STE/1982
100 1# - MAIN ENTRY--PERSONAL NAME
Personal name Stevenson, William D.
245 10 - TITLE STATEMENT
Title Elements of power system analysis
250 ## - EDITION STATEMENT
Edition statement 4th ed.
260 ## - PUBLICATION, DISTRIBUTION, ETC. (IMPRINT)
Place of publication, distribution, etc. New York
Name of publisher, distributor, etc. McGraw-Hill
Date of publication, distribution, etc. 1982
300 ## - PHYSICAL DESCRIPTION
Extent xii, 436 p.
Other physical details ill.
Dimensions 25 cm.
490 ## - SERIES STATEMENT
Series statement McGRAW-HILL series in electrical engineering
650 #0 - SUBJECT ADDED ENTRY--TOPICAL TERM
Topical term or geographic name as entry element Electric power system stability
942 ## - ADDED ENTRY ELEMENTS (KOHA)
Koha item type General Book
Holdings
Shelving location Source of classification or shelving scheme Damaged status Koha full call number Sublocation or collection (holding branch) Date acquired Withdrawn status Koha item type Not for loan Price effective from Koha date last seen Koha issues (times borrowed) Copy number Koha normalized classification for sorting Piece designation (barcode) Location (home branch) Koha renewals Lost status Koha date last borrowed
Circulation section  623.12/STE/1982Central Library, BUET2014-10-22 General Book 2014-10-222021-09-27521623_120000000000000_STE_1982110313Central Library, BUET  2021-09-27
Circulation section  623.12/STE/1982Central Library, BUET2015-02-10 General Book 2015-02-102015-02-10 2623_120000000000000_STE_198269178Central Library, BUET   
Circulation section  623.12/STE/1982Central Library, BUET2015-02-11 General Book 2015-02-112021-08-31223623_120000000000000_STE_198278208 Central Library, BUET2 2021-08-31
Reading section  623.12/STE/1982Central Library, BUET2015-06-24 Reading Item 2015-06-242015-06-24 4623_120000000000000_STE_198267386Central Library, BUET   
Reading section  623.12/STE/1982Central Library, BUET2015-06-24 Reading Item 2015-06-242015-06-24 5623_120000000000000_STE_198267384Central Library, BUET   
Reading section  623.12/STE/1982Central Library, BUET2015-06-24 Reading Item 2015-06-242015-06-24 6623_120000000000000_STE_198267385Central Library, BUET   
Reading section  623.12/STE/1982Central Library, BUET2015-06-24 Reading Item 2015-06-242015-06-24 7623_120000000000000_STE_198263905Central Library, BUET   
Reading section  623.12/STE/1982Central Library, BUET2015-06-25 Reading Item 2015-06-252015-06-25 8623_120000000000000_STE_198263906Central Library, BUET   
Reading section  623.12/STE/1982Central Library, BUET2015-06-25 Reading Item 2015-06-252015-06-25 9623_120000000000000_STE_198263907Central Library, BUET   
Reading section  623.12/STE/1982Central Library, BUET2015-06-28 Reading Item 2015-06-282015-06-28 10623_120000000000000_STE_198263908Central Library, BUET